00410nam a22001577a 450000500170000000800410001701000140005802000150007202000160008703500130010308200120011624500560012826000390018426000090022330000200023220081022113213.0081022t xxu||||| |||| 00| 0 eng d aENG-84294 a0195687477 c225.00 (hb) aEN-67827 a598.02  aTHe Illustrated Salim Ali /bthe fall of a sparrow: aNew DelhibOxford University Press c2007 aviii,128pc24cm